Klasyfikacja skoczni narciarskich - Statystyki

Ogólne statystyki
  • Ten quiz został rozwiązany 247 razy
  • Średni wynik to 5 z 6
Statystyki odpowiedzi
Nazwa Rozmiar skoczni % Poprawnych
Skocznia mamucia powyżej 185 m
99%
Skocznia duża 110–149 m
98%
Skocznia mała 20–49 m
97%
Skocznia średnia 50–84 m
92%
Skocznia normalna 85–109 m
87%
Skocznia wielka 150–184 m
50%
Nie znaleziono quizów pasujących do podanych kryteriów
Rozkład punktacji
Procent ludzi z każdym wynikiem
Percentyl według liczby udzielonych odpowiedzi
Twoja historia wyników
Nie rozwiązałeś tego quizu